000
00322 a2200145 4500
001
150735
040
_c
Escola São Tomás de Aquino
100
_a
BRANCO, Samuel Murgel
240
1
0
_a
O ambiente do campo
_l
por
245
1
0
_a
O ambiente do campo
300
_a
40
362
0
_a
2000
697
_a
CIÊNCIAS
942
_c
BK
999
_c
150735
_d
150735